00475nam a2200169Ia 4500003000900000008004100009020001800050040001600068080002300084100001600107245004200123260003700165300001500202490005100217650001800268650001900286IN-BaIIA211028s9999 xx 000 0 eng d a0-7923-6822-7 cIIA Library a52(082.1)bASS-251 aSomov, B. V 0aCosmic plasma physicscBoris V. Somov aDordrechtbKluwer Academicc2000 axix, 652p. aAstrophysics and space science library; v. 251 aCosmic plasma aPlasma Physics